Oceňovanie pohľadávok a záväzkov v cudzej mene v účtovníctve podnikateľov

Pohľadávky sú významnou súčasťou majetku účtovnej jednotky. Rozdelenie pohľadávok: pohľadávky z obchodných vzťahov a pohľadávky z neinkasovaných nárokov podniku voči iným ako obchodným partnerom. Dlhy. Záväzky.

Gespeichert in:
Bibliographische Detailangaben
1. Verfasser: Szászová, Renáta
Weitere Verfasser: Szász, Marek
Format: Buchkapitel
Sprache:Slowakisch
Schlagworte:
Tags: Tag hinzufügen
Keine Tags, Fügen Sie das erste Tag hinzu!

MARC

LEADER 00000naa$a2200000$$$4500
001 0084803
005 20231106094541.3
041 0 |a slo 
044 |a SK 
245 1 0 |a Oceňovanie pohľadávok a záväzkov v cudzej mene v účtovníctve podnikateľov  |c Renáta Szászová, Marek Szász 
520 |a Pohľadávky sú významnou súčasťou majetku účtovnej jednotky. Rozdelenie pohľadávok: pohľadávky z obchodných vzťahov a pohľadávky z neinkasovaných nárokov podniku voči iným ako obchodným partnerom. Dlhy. Záväzky. 
610 2 0 |a účtovníctvo 
610 2 0 |a podnikatelia 
610 2 0 |a oceňovanie 
610 2 0 |a pohľadávky 
610 2 0 |a záväzky 
100 1 |a Szászová, Renáta 
700 1 |a Szász, Marek